Money dynamics for the 1990s / (Record no. 346946)
[ view plain ]
| 000 -LEADER | |
|---|---|
| fixed length control field | 00794 a2200181 4500 |
| 020 ## - INTERNATIONAL STANDARD BOOK NUMBER | |
| International Standard Book Number | 0671661582 (hardcover) |
| 020 ## - INTERNATIONAL STANDARD BOOK NUMBER | |
| International Standard Book Number | 9780671661588 (hardcover) |
| 082 04 - DEWEY DECIMAL CLASSIFICATION NUMBER | |
| Classification number | 332.024 |
| 090 ## - LOCALLY ASSIGNED LC-TYPE CALL NUMBER (OCLC); LOCAL CALL NUMBER (RLIN) | |
| -- | 4503 |
| -- | 4503 |
| 100 1# - MAIN ENTRY--PERSONAL NAME | |
| Personal name | Vancaspel, Venita. |
| 245 10 - TITLE STATEMENT | |
| Title | Money dynamics for the 1990s / |
| Statement of responsibility, etc. | Venita Vancaspel. |
| 250 ## - EDITION STATEMENT | |
| Edition statement | 4th printing ed. |
| 260 ## - PUBLICATION, DISTRIBUTION, ETC. | |
| Place of publication, distribution, etc. | [S.l.] : |
| Name of publisher, distributor, etc. | Simon & Schuster, |
| Date of publication, distribution, etc. | 1988. |
| 300 ## - PHYSICAL DESCRIPTION | |
| Extent | 544 p. ; |
| Dimensions | 24 cm. |
| 520 ## - SUMMARY, ETC. | |
| Summary, etc. | VanCaspel, bestselling author and host of the PBS series "The Money Makers," explains why people must totally rethink and reposition their assets for maximum gain and reveals why many of the old rules of financial planning no longer apply. |
| 856 40 - ELECTRONIC LOCATION AND ACCESS | |
| Materials specified | Amazon.com |
| Uniform Resource Identifier | <a href="http://www.amazon.com/exec/obidos/ASIN/0671661582/chopaconline-20">http://www.amazon.com/exec/obidos/ASIN/0671661582/chopaconline-20</a> |
| 942 ## - ADDED ENTRY ELEMENTS (KOHA) | |
| Institution code [OBSOLETE] | NBS |
| Koha item type | Book |
| Call number prefix | 332.024 VAN |
| Withdrawn status | Lost status | Damaged status | Not for loan | Permanent Location | Current Location | Date acquired | Total Checkouts | Full call number | Barcode | Date last seen | Date last checked out | Price effective from | Koha item type |
|---|---|---|---|---|---|---|---|---|---|---|---|---|---|
| Central Library (CL) | Central Library (CL) | 08/28/2013 | 1 | 332.024 VAN | NBS83 | 11/22/2017 | 07/25/2017 | 08/28/2013 | Book |
